Trasa Linii 179 (MPK KRAKÓW) - Statystyki

Ogólne statystyki
  • Ten quiz został rozwiązany 32 razy
  • Średni wynik to 18 z 25
Statystyki odpowiedzi
Lp. Ulica Przystanek % Poprawnych
12. Kamieńskiego Bonarka
96%
11. Kamieńskiego Kamieńskiego
88%
14. KonopnickiejKamieńskiego Rondo Matecznego
84%
20. al. Mickiewicza AGH / UR
80%
6. Beskidzka Beskidzka
80%
25. Pawia Dworzec Główny Zachód
80%
18. al. Krasińskiego Jubilat
80%
5. Beskidzka Halszki Kurdwanów P+R
80%
19. al. Mickiewiczaal. Krasińskiego Muzeum Narodowe
80%
1. Stojałowskiego Os. Kurdwanów
80%
16. Konopnickiej Rondo Grunwaldzkie
80%
17. Konopnickiej Konopnickiej
76%
23. al. Słowackiego Nowy Kleparz
76%
9. Sławka Zajezdnia Wola Duchacka
76%
3. Stojałowskiego Halszki
72%
24. WarszawskaPawia Politechnika
72%
22. al. Słowackiego Radio Kraków
72%
10. (NŻ) Sławka Sławka
72%
8. ↓ Sławka Wola Duchacka
72%
21. al. Słowackiegoal. Mickiewicza Plac Inwalidów
68%
15. Konopnickiej Ludwinów
64%
2. Stojałowskiego Stojałowskiego
64%
4. Halszki Bujaka
60%
7. Klonowca Pszenna
48%
13. (NŻ) Kamieńskigo Kamieńskigo Wiadukt
24%
Nie znaleziono quizów pasujących do podanych kryteriów
Rozkład punktacji
Procent ludzi z każdym wynikiem
Percentyl według liczby udzielonych odpowiedzi
Twoja historia wyników
Nie rozwiązałeś tego quizu